000
00235 a2200097 4500
001
34495
100
_a
Ferozsons
245
_a
Ferozsons Concise Dictionary English to Urdu
260
_a
Lahore
_b
Ferozsons
_c
1983
090
_c
22781
_d
22781
942
_a
NUST-CAE
_c
M
_c
14204
999
_c
269568
_d
269568